000 00324nam a2200145Ia 4500
005 20251222175919.0
008 251222s9999||||xx |||||||||||||| ||spa||
020 _a9788423339235
082 _a863.64/E94
100 _aEtxaberria, LucĂ­a
245 0 _aCosmofobia
250 _a1ra.ed.
264 _bDestino
942 _cLIB
999 _c40602
_d40602